| 000 | 01658nam a2200277 i 4500 | ||
|---|---|---|---|
| 003 | DO-SdBNP | ||
| 005 | 20230918134346.0 | ||
| 006 | a||||dr|||| 00| 0 | ||
| 007 | ta | ||
| 008 | 230914e1976 dr a|||| |||| 00| m spa d | ||
| 040 |
_aDO-SdBNP _bspa _cBNPHU _erda |
||
| 082 | 4 |
_222 _bT266e |
|
| 100 | 1 |
_aTejada Castillo, Ramón, _937580 _eautor |
|
| 245 | 1 | 0 |
_aEspañol: _b2.° curso _cRamón Tejada Castillo; ilustraciones, C. Corrindo |
| 246 | 1 | 1 |
_aEspañol: _bsegundo curso. |
| 264 | 1 |
_aSanto Domingo : _bDisesa, _c1976 |
|
| 300 |
_a161 páginas : _bIlustraciones ; _c23 cm |
||
| 336 |
_2rdacontent _atexto _btxt |
||
| 337 |
_2rdamedia _asin mediación _bn |
||
| 338 |
_2rdacarrier _avolumen _bnc |
||
| 500 | _aDe conformidad con los contenidos del Programa de Segundo Curso, Plan de Reforma de 1970, y Segundo Curso, Plan Experimental de Intermedia de 1970, de la Secretaría de Estado de Educación, Bellas Artes y Cultos. | ||
| 505 | 0 |
_aGramática. _tI. El idioma español.-- II. Es vulgar.-- III. Palabras compuestas, los prefijos y sufijos.-- IV. Vocales y consonantes.-- V. Sílaba, diptongo y triptongo.-- VI. La tilde o acento ortográfico.-- VII. Entonación y pausa.-- VIII. Sustantivo y sustantivación.-- IX. El adjetivo y el artículo.-- X. El pronombre.-- XI. El verbo.-- XII. Accidentes gramaticales del verbo.-- XIII. Los complementos del verbo.-- XIV. El adverbio.-- _tXV. Preposición, conjunción e interpretación.-- XVI. La oración gramatical.-- XVII.- Sujeto y predicado.-- XIX. El lenguaje expresivo.-- XX. El verso y la estrofa. |
|
| 590 | _aInventariado 2023 / MF | ||
| 700 | 1 |
_aCorrindo, C., _eilustrador _984140 |
|
| 942 |
_2ddc _cLBS1 |
||
| 999 |
_c54764 _d54764 |
||